PUBBLICITA'-BREVE VIAGGIO DI UN PRODOTTO NEL MONDO DELLA PUBBLICITA' (Record n. 108369)
[ formato base ]
| 000 -LEADER | |
|---|---|
| fixed length control field | 01145agaaa2200265 4500 |
| 001 - CONTROL NUMBER | |
| control field | 1727 |
| 003 - CONTROL NUMBER IDENTIFIER | |
| control field | IT-RoPAU |
| 005 - DATE AND TIME OF LATEST TRANSACTION | |
| control field | 20220918181309.0 |
| 007 - PHYSICAL DESCRIPTION FIXED FIELD--GENERAL INFORMATION | |
| fixed length control field | d cvaizq |
| 008 - FIXED-LENGTH DATA ELEMENTS--GENERAL INFORMATION | |
| fixed length control field | 50131s9999||||xx ||| | || ||und|| |
| 040 ## - CATALOGING SOURCE | |
| Original cataloging agency | IT-RoPAU |
| Transcribing agency | IT-RoPAU |
| 041 ## - LANGUAGE CODE | |
| Language code of text/sound track or separate title | ITALIANO |
| 100 ## - MAIN ENTRY--PERSONAL NAME | |
| Personal name | Pizzocchero Franco |
| Miscellaneous information | Codice regista SPICS: 23159 |
| 9 (RLIN) | 55447 |
| 130 ## - MAIN ENTRY--UNIFORM TITLE | |
| Uniform title | PUBBLICITA'-BREVE VIAGGIO DI UN PRODOTTO NEL MONDO DELLA PUBBLICITA' |
| 9 (RLIN) | 55448 |
| 245 ## - TITLE STATEMENT | |
| Title | PUBBLICITA'-BREVE VIAGGIO DI UN PRODOTTO NEL MONDO DELLA PUBBLICITA' |
| Statement of responsibility, etc. | Prodotto da: Rai Tv Diretto da: Pizzocchero Franco |
| Name of part/section of a work | PUBBLICITA'-BREVE VIAGGIO DI UN PRODOTTO NEL MONDO DELLA PUBBLICITA' (Rif. Codice opera principale : 21727) |
| 250 ## - EDITION STATEMENT | |
| Edition statement | Edizione Standard |
| 260 ## - PUBLICATION, DISTRIBUTION, ETC. (IMPRINT) | |
| Place of publication, distribution, etc. | ROMA (ITALIA) |
| Name of publisher, distributor, etc. | RAI - RADIO TELEVISIONE ITALIANA / |
| Date of manufacture | "1982 (1° ed.: 1988 ; Ed. Lingua Orig.: 1982)" |
| 300 ## - PHYSICAL DESCRIPTION | |
| Extent | VHS |
| Other physical details | sonoro, col. |
| Dimensions | 30 minuti |
| 520 ## - SUMMARY, ETC. | |
| Summary, etc. | FERMAGLIONI |
| 538 ## - SYSTEM DETAILS NOTE | |
| System details note | PAL, STEREO |
| 546 ## - LANGUAGE NOTE | |
| Language note | ITALIANO |
| 650 ## - SUBJECT ADDED ENTRY--TOPICAL TERM | |
| Topical term or geographic name as entry element | DIDATTICO |
| Relator term | TV-PROGRAMMI DI PUBBLICITA' [VHS] |
| General subdivision | Codice MATERIA SPICS: 9968 |
| 9 (RLIN) | 55449 |
| 700 ## - ADDED ENTRY--PERSONAL NAME | |
| Personal name | Pizzocchero Franco |
| Relator term | (regista) |
| Miscellaneous information | Codice regista SPICS: 23159 |
| 9 (RLIN) | 55450 |
| 942 ## - ADDED ENTRY ELEMENTS (KOHA) | |
| Koha item type | VHS - VIDEO |
| Source of classification or shelving scheme | Dewey Decimal Classification |
| Withdrawn status | Lost status | Damaged status | Not for loan | Home library | Current library | Date acquired | Total Checkouts | Full call number | Date last seen | Price effective from | Koha item type | Public note |
|---|---|---|---|---|---|---|---|---|---|---|---|---|
| Buone Condizioni | Not For Loan | SPICS-MEDIATECA | SPICS-MEDIATECA | 31/01/2015 | 21727 | 31/01/2015 | 31/01/2015 | VHS - VIDEO | Progr. Ins.: 1522 / N.Vol.:1 / Copie: 2 / Pag.: / Copia rara: n.d. / date import: 1.2.2015 / By Epidotti, Trombetti, Vaglietti |